Statystyki dla Państwa mniejsze od Polski, które mają od niej więcej mieszkańców

Kliknij tutaj aby rozwiązać quiz!

Ogólne statystyki

  • Ten quiz został rozwiązany 2 853 razy
  • Średni wynik to 3 z 6

Statystyki odpowiedzi

P.L.Państwo% Poprawnych
41,63%4,43Bangladesz
75%
31,21%1,39Korea Południowa
66%
94,57%1,55Włochy
66%
77,37%1,75Wielka Brytania
64%
95,35%2,84Filipiny
39%
64,13%1,08Uganda
34%

Rozkład punktacji

Percentyl według liczby udzielonych odpowiedzi

Procent ludzi z każdym wynikiem

Twoja historia wyników

Nie rozwiązałeś tego quizu